[Event "Titled Tuesday intern op 27th Feb Late"]
[Site "Chess.com INT"]
[Date "2024.02.27"]
[Round "2"]
[White "Jegorovas, Aleksandras"]
[Black "Liascovich, Lucas"]
[Result "1/2-1/2"]
[WhiteElo "2270"]
[BlackElo "2413"]
[PlyCount "159"]
[EventDate "2024.02.27"]
[EventType "swiss (blitz)"]
[EventRounds "11"]
[EventCountry "USA"]
[SourceTitle "CB10_2024"]
[SourceDate "2024.03.06"]
[SourceVersion "1"]
[SourceVersionDate "2024.03.06"]
[SourceQuality "1"]

1. d4 d5 2. Bf4 c5 3. e3 Nc6 4. Nf3 Nf6 5. Nbd2 e6 6. c3 Qb6 7. Rb1 a5 8. Bd3 Be7 9. 0-0 0-0 10. Qe2 Bd7 11. dxc5 Bxc5 12. e4 Nh5 13. Bg3 Nxg3 14. hxg3 Rfe8 15. e5 h6 16. Nb3 Bf8 17. Nbd4 a4 18. a3 Bc5 19. Rbd1 Nxd4 20. cxd4 Be7 21. g4 Ra5 22. Rc1 Bb5 23. Bxb5 Rxb5 24. Rc2 Rb3 25. Rfc1 Qb5 26. Qxb5 Rxb5 27. Rc8 Rxc8 28. Rxc8+ Kh7 29. Rc7 Bg5 30. Nxg5+ hxg5 31. Rxf7 Rxb2 32. g3 b5 33. Rb7 b4 34. axb4 a3 35. Ra7 Rxb4 36. Rxa3 Rxd4 37. Ra6 Rxg4 38. Rxe6 Re4 39. Kg2 g4 40. Kg1 g6 41. Kg2 Kh6 42. Re8 Kg5 43. f4+ gxf3+ 44. Kxf3 Kf5 45. Rf8+ Kxe5 46. Rg8 Kf5 47. Rf8+ Kg5 48. Rd8 Rd4 49. Ke3 Re4+ 50. Kf3 Re5 51. Rd7 Kf6 52. Rd8 g5 53. Kg4 Ke7 54. Ra8 d4 55. Ra4 Rd5 56. Ra2 Kd6 57. Kf3 Re5 58. Ra6+ Kc7 59. Ra4 Re3+ 60. Kg4 Re4+ 61. Kxg5 Kd6 62. Kf5 Re5+ 63. Kf4 Rd5 64. Ra2 d3 65. Rd2 Kc5 66. g4 Kd4 67. g5 Kc3 68. Rd1 Kc2 69. Rg1 d2 70. g6 Rd7 71. Kf5 Rd5+ 72. Kf6 Rd6+ 73. Kf7 Rd7+ 74. Kf6 Rd6+ 75. Kf7 d1Q 76. Rxd1 Rxd1 77. g7 Rf1+ 78. Ke8 Rg1 79. Kf8 Rxg7 80. Kxg7 1/2-1/2

[Event "Titled Tuesday intern op 27th Feb Late"]
[Site "Chess.com INT"]
[Date "2024.02.27"]
[Round "3"]
[White "Liascovich, Lucas"]
[Black "Ranaldi, Lucas"]
[Result "1-0"]
[WhiteElo "2413"]
[BlackElo "2362"]
[PlyCount "91"]
[EventDate "2024.02.27"]
[EventType "swiss (blitz)"]
[EventRounds "11"]
[EventCountry "USA"]
[SourceTitle "CB10_2024"]
[SourceDate "2024.03.06"]
[SourceVersion "1"]
[SourceVersionDate "2024.03.06"]
[SourceQuality "1"]

1. e4 c6 2. d4 d5 3. exd5 cxd5 4. c4 Nf6 5. Nc3 Nc6 6. Nf3 Bg4 7. Be3 e6 8. c5 Be7 9. Be2 0-0 10. 0-0 b6 11. Qa4 Qc7 12. Rac1 bxc5 13. dxc5 Bxf3 14. Bxf3 Rab8 15. b3 Rb4 16. Qa3 Rfb8 17. Bd2 Nd4 18. Ne2 Nxf3+ 19. gxf3 Rh4 20. Ng3 Nh5 21. b4 Bf6 22. Rfe1 Bd4 23. Be3 Bxe3 24. Rxe3 Nxg3 25. hxg3 Rhxb4 26. Rb3 a5 27. Rxb4 Rxb4 28. c6 h6 29. Kg2 h5 30. Rc2 h4 31. g4 Rb1 32. Rc1 Rb4 33. Qe3 Rc4 34. Rxc4 dxc4 35. Qc5 g6 36. Qxc4 Kf8 37. Qc5+ Kg7 38. g5 Kg8 39. a4 Kg7 40. Qd4+ Kf8 41. Qd7 Qf4 42. Qd8+ Kg7 43. Qf6+ Qxf6 44. gxf6+ Kxf6 45. c7 Ke7 46. c8Q 1-0

[Event "Titled Tuesday intern op 06th Feb Late"]
[Site "Chess.com INT"]
[Date "2024.02.06"]
[Round "3"]
[White "Liascovich, Lucas"]
[Black "Djokic, Mihailo"]
[Result "1-0"]
[WhiteElo "2413"]
[BlackElo "2139"]
[PlyCount "61"]
[EventDate "2024.02.06"]
[EventType "swiss (blitz)"]
[EventRounds "11"]
[EventCountry "USA"]
[SourceTitle "CB07_2024"]
[SourceDate "2024.02.14"]
[SourceVersion "1"]
[SourceVersionDate "2024.02.14"]
[SourceQuality "1"]

1. e4 c5 2. Nc3 Nc6 3. Bb5 Nd4 4. Nf3 a6 5. Bd3 Nc6 6. 0-0 d6 7. h3 g6 8. Nd5 Bg7 9. c3 Nf6 10. Nxf6+ Bxf6 11. Bc2 e5 12. d3 Be6 13. Bb3 Qe7 14. Bxe6 fxe6 15. Nh2 0-0-0 16. b4 d5 17. Rb1 dxe4 18. b5 axb5 19. Rxb5 exd3 20. Qa4 d2 21. Bxd2 Rxd2 22. Qa8+ Nb8 23. Ng4 Bg7 24. Rfb1 Rd7 25. Ne3 Rhd8 26. a4 Qd6 27. Nc4 Qa6 28. Rxc5+ Rc7 29. Nb6+ Qxb6 30. Rxb6 Rxc5 31. Qxb7# 1-0

[Event "Titled Tuesday intern op 06th Feb Early"]
[Site "Chess.com INT"]
[Date "2024.02.06"]
[Round "5"]
[White "Liascovich, Lucas"]
[Black "Pranav, V."]
[Result "0-1"]
[WhiteElo "2413"]
[BlackElo "2611"]
[PlyCount "124"]
[EventDate "2024.02.06"]
[EventType "swiss (blitz)"]
[EventRounds "11"]
[EventCountry "USA"]
[SourceTitle "CB07_2024"]
[SourceDate "2024.02.14"]
[SourceVersion "1"]
[SourceVersionDate "2024.02.14"]
[SourceQuality "1"]

1. e4 e5 2. Nf3 Nc6 3. d4 exd4 4. Bc4 Nf6 5. 0-0 Nxe4 6. Re1 d5 7. Bxd5 Qxd5 8. Nc3 Qa5 9. Nxe4 Be6 10. Neg5 0-0-0 11. Nxe6 fxe6 12. Rxe6 Qd5 13. Qe2 Bd6 14. Bg5 Rdf8 15. Bh4 b6 16. Bg3 Bxg3 17. hxg3 Kb7 18. Re1 Rd8 19. a3 Rhf8 20. Re4 d3 21. cxd3 Qxd3 22. Ng5 Qxe2 23. R4xe2 Rf5 24. Ne6 Rd7 25. f4 h6 26. b4 a5 27. bxa5 Rxa5 28. g4 Rxa3 29. Rb1 Rc3 30. Ra2 Nd4 31. Nf8 Re7 32. Ng6 Re4 33. Rba1 Ne2+ 34. Kh2 Nxf4 35. Nf8 Re8 36. Nd7 Kc6 37. Rf1 Kxd7 38. Rxf4 Re7 39. Rf5 Rce3 40. Rd2+ Kc6 41. Rc2+ Kb7 42. Rff2 R3e5 43. Kh3 b5 44. g3 Kb6 45. Rf8 c6 46. Rb8+ Rb7 47. Rc8 c5 48. Kg2 b4 49. Kf3 Kb5 50. Kf4 Rg5 51. Rc1 b3 52. Ke4 Kb4 53. Kd3 Rd5+ 54. Ke2 b2 55. Rb1 Kb3 56. Ke3 c4 57. Ke4 Rdd7 58. Rf8 c3 59. Rf2 Rf7 60. Rh2 Rbe7+ 61. Kd5 Rd7+ 62. Ke6 c2 0-1

[Event "Villa Ballester op 73rd"]
[Site "Buenos Aires"]
[Date "2024.01.20"]
[Round "3"]
[White "Ostoich, Mariano Ivan"]
[Black "Liascovich, Lucas"]
[Result "0-1"]
[WhiteElo "2081"]
[BlackElo "2414"]
[PlyCount "90"]
[EventDate "2024.01.19"]
[EventType "swiss"]
[EventRounds "9"]
[EventCountry "ARG"]
[SourceTitle "CB06_2024"]
[SourceDate "2024.02.07"]
[SourceVersion "1"]
[SourceVersionDate "2024.02.07"]
[SourceQuality "1"]

1. Nf3 Nf6 2. c4 g6 3. Nc3 d5 4. cxd5 Nxd5 5. e4 Nxc3 6. dxc3 Qxd1+ 7. Kxd1 Bg4 8. Bf4 c6 9. Kc2 Nd7 10. Bc4 Bxf3 11. gxf3 e5 12. Be3 Bc5 13. Rad1 Bxe3 14. fxe3 Ke7 15. Rd2 Nb6 16. Bb3 Rad8 17. Rhd1 Rxd2+ 18. Rxd2 Rf8 19. f4 Nd7 20. Kd1 f5 21. exf5 Rxf5 22. Bc2 Rh5 23. Rg2 Nf6 24. Ke2 exf4 25. exf4 Nd5 26. Rf2 Rh4 27. f5 g5 28. Bb3 Kf6 29. Bxd5 cxd5 30. Ke3 Re4+ 31. Kd3 Rf4 32. Re2 Kxf5 33. Re7 Rh4 34. Rf7+ Kg4 35. Rxb7 Rxh2 36. a4 h5 37. a5 h4 38. a6 h3 39. b4 Ra2 40. Rxa7 h2 41. Rh7 Kg3 42. b5 Kg2 43. Ke3 h1Q 44. Rxh1 Kxh1 45. Kf3 Ra4 0-1

[Event "Titled Tuesday intern op 16th Jan Late"]
[Site "Chess.com INT"]
[Date "2024.01.16"]
[Round "3"]
[White "Agibileg, Uurtsaikh"]
[Black "Liascovich, Lucas"]
[Result "0-1"]
[WhiteElo "2445"]
[BlackElo "2414"]
[PlyCount "108"]
[EventDate "2024.01.16"]
[EventType "swiss (blitz)"]
[EventRounds "11"]
[EventCountry "USA"]
[SourceTitle "CB04_2024"]
[SourceDate "2023.10.16"]
[SourceVersion "1"]
[SourceVersionDate "2023.10.16"]
[SourceQuality "1"]

1. d4 d5 2. c4 Nc6 3. Nc3 Nf6 4. cxd5 Nxd5 5. e4 Nxc3 6. bxc3 e6 7. Nf3 Be7 8. Bd3 0-0 9. 0-0 b6 10. Bf4 Bb7 11. d5 exd5 12. exd5 Na5 13. c4 h6 14. Qd2 f5 15. Nd4 Bc8 16. Rae1 Bf6 17. Nb5 c6 18. Nc7 Rb8 19. Ne6 Bxe6 20. Bxb8 Bf7 21. Be5 cxd5 22. cxd5 Bxd5 23. Bxf5 Nc4 24. Bxf6 Nxd2 25. Bxd8 Nxf1 26. Rd1 Rxf5 27. Kxf1 Bxa2 28. Rd7 Rf7 29. Rd4 b5 30. Ba5 Bc4+ 31. Ke1 Re7+ 32. Kd1 Kf7 33. Rf4+ Kg6 34. h4 h5 35. Kd2 Re2+ 36. Kc3 Ra2 37. Bc7 a5 38. Be5 Ra3+ 39. Kc2 Ra2+ 40. Kc3 Be6 41. f3 b4+ 42. Kd3 Rxg2 43. Bc7 Ra2 44. Rd4 Ra3+ 45. Kd2 Bf5 46. Rd6+ Kf7 47. Rb6 Rd3+ 48. Ke2 Rd7 49. Be5 Ra7 50. Ke3 Be6 51. Kf4 b3 52. Bb2 a4 53. Ba3 Rc7 54. Ke5 Bh3 0-1

[Event "Titled Tuesday intern op 16th Jan Late"]
[Site "Chess.com INT"]
[Date "2024.01.16"]
[Round "2"]
[White "Liascovich, Lucas"]
[Black "Kim, Sergey2"]
[Result "1/2-1/2"]
[WhiteElo "2414"]
[BlackElo "2295"]
[PlyCount "110"]
[EventDate "2024.01.16"]
[EventType "swiss (blitz)"]
[EventRounds "11"]
[EventCountry "USA"]
[SourceTitle "CB04_2024"]
[SourceDate "2023.10.16"]
[SourceVersion "1"]
[SourceVersionDate "2023.10.16"]
[SourceQuality "1"]

1. e4 e5 2. Nf3 Nc6 3. d4 exd4 4. Bc4 Nf6 5. 0-0 Nxe4 6. Re1 d5 7. Nc3 dxc4 8. Rxe4+ Be6 9. Nxd4 Nxd4 10. Rxd4 Bd6 11. Bf4 0-0 12. Bxd6 cxd6 13. Rxd6 Qe7 14. Qd4 Rfd8 15. Rd1 Rxd6 16. Qxd6 Qxd6 17. Rxd6 Kf8 18. f4 Ke7 19. Rd4 a6 20. a4 b5 21. axb5 axb5 22. Nxb5 Ra1+ 23. Kf2 Rb1 24. Na3 Rxb2 25. Nxc4 Rxc2+ 26. Nd2 h5 27. g3 g6 28. Ke3 Rc3+ 29. Rd3 Rc2 30. Ra3 Kf6 31. Nf3 Ra2 32. Rxa2 Bxa2 33. Nd4 Bd5 34. Kd3 Bg2 35. h4 Bd5 36. Ke3 Bg2 37. Ne2 Bd5 38. Nc3 Bg2 39. Kf2 Bc6 40. Ne2 Bd5 41. Ng1 Kf5 42. Ne2 Kg4 43. Nd4 Bb7 44. Nb5 Bd5 45. Nd6 Be6 46. Ne4 Kf5 47. Ng5 Bd5 48. Nh3 Kg4 49. Ng1 Be4 50. Ne2 Bd5 51. Nd4 Be4 52. Nb5 Bd5 53. Nd6 Be6 54. Ne4 Kf5 55. Nd6+ Kg4 1/2-1/2

[Event "Titled Tuesday intern op 09th Jan Early"]
[Site "Chess.com INT"]
[Date "2024.01.09"]
[Round "1"]
[White "Berezin, Viktor1"]
[Black "Liascovich, Lucas"]
[Result "0-1"]
[WhiteElo "2307"]
[BlackElo "2414"]
[PlyCount "170"]
[EventDate "2024.01.09"]
[EventType "swiss (blitz)"]
[EventRounds "11"]
[EventCountry "USA"]
[SourceTitle "CB03_2024"]
[SourceDate "2024.01.17"]
[SourceVersion "1"]
[SourceVersionDate "2024.01.17"]
[SourceQuality "1"]

1. d4 Nf6 2. Nf3 e6 3. c4 d5 4. g3 dxc4 5. Qa4+ Nc6 6. Bg2 Bb4+ 7. Bd2 Bxd2+ 8. Nbxd2 0-0 9. Qxc4 Qd5 10. 0-0 Qxc4 11. Nxc4 Rd8 12. Rfd1 Nb4 13. a3 Nbd5 14. Rac1 c6 15. Nfe5 Bd7 16. Nd6 Be8 17. Nxb7 Rdb8 18. Na5 Rxb2 19. e4 Ne7 20. Rb1 Rab8 21. Rxb2 Rxb2 22. Nac4 Rb3 23. Rc1 Kf8 24. h3 g5 25. Nd6 Nd7 26. Nxc6 Nxc6 27. Rxc6 Nb6 28. Rc7 Rxa3 29. d5 e5 30. Bf1 Ra1 31. Kg2 Ra2 32. Nxe8 Kxe8 33. Bb5+ Kf8 34. d6 Rd2 35. d7 Ke7 36. Rxa7 Rb2 37. Bc6 Rc2 38. Bb5 Rb2 39. Bc6 Rc2 40. Bd5 Nxd5 41. exd5 Kd8 42. Ra8+ Kxd7 43. Ra7+ Rc7 44. Ra6 Rc5 45. Rh6 Rxd5 46. Rxh7 Ke6 47. h4 gxh4 48. gxh4 Rd4 49. Kg3 Rb4 50. Rh6+ f6 51. Rh8 Kf5 52. Rg8 Rb3+ 53. Kg2 Rb7 54. Kg3 Rb1 55. Kg2 Rb3 56. Rg7 Rb8 57. Kg3 Ke4 58. h5 Rh8 59. Kg4 f5+ 60. Kg5 Kf3 61. Rf7 f4 62. Kf5 Rxh5+ 63. Kg6 Rh1 64. Kf5 Re1 65. Ra7 Kxf2 66. Ra2+ Kf3 67. Ra3+ Re3 68. Ra2 Re2 69. Ra3+ Kf2 70. Kg4 Kg2 71. Ra8 Rf2 72. Re8 Re2 73. Ra8 Kf1 74. Kf3 Re3+ 75. Kg4 Kf2 76. Ra2+ Re2 77. Ra8 e4 78. Kxf4 e3 79. Ra1 Rb2 80. Rh1 Rb4+ 81. Kf5 e2 82. Rh2+ Kf1 83. Rh1+ Kg2 84. Rc1 Kf2 85. Rc2 Kf1 0-1

[Event "Titled Tuesday intern op 09th Jan Early"]
[Site "Chess.com INT"]
[Date "2024.01.09"]
[Round "2"]
[White "Liascovich, Lucas"]
[Black "Yurovskich, Oleksandr"]
[Result "1/2-1/2"]
[WhiteElo "2414"]
[BlackElo "2328"]
[PlyCount "131"]
[EventDate "2024.01.09"]
[EventType "swiss (blitz)"]
[EventRounds "11"]
[EventCountry "USA"]
[SourceTitle "CB03_2024"]
[SourceDate "2024.01.17"]
[SourceVersion "1"]
[SourceVersionDate "2024.01.17"]
[SourceQuality "1"]

1. e4 e6 2. d3 c5 3. Nd2 Nc6 4. g3 d6 5. Bg2 Nf6 6. f4 Be7 7. Ngf3 0-0 8. 0-0 Rb8 9. a4 a6 10. b3 b5 11. axb5 axb5 12. Bb2 Bb7 13. h3 d5 14. e5 Nd7 15. Qe2 b4 16. g4 Qb6 17. Kh1 Ra8 18. f5 Rxa1 19. Rxa1 Ra8 20. Rxa8+ Bxa8 21. h4 Bd8 22. h5 h6 23. Qe3 Qb8 24. fxe6 fxe6 25. Qf4 Be7 26. g5 Qf8 27. Qxf8+ Nxf8 28. g6 Nd7 29. Bh3 Nd8 30. Kg1 Kf8 31. Kf2 Bc6 32. d4 Bb5 33. dxc5 Bxc5+ 34. Bd4 Ke7 35. Bxc5+ Nxc5 36. Nd4 Bd7 37. Ke3 Nc6 38. Nxc6+ Bxc6 39. Nf3 Bb5 40. Nd4 Bd7 41. Bg4 Kd8 42. Be2 Ke7 43. Bf1 Nb7 44. Nf3 Kd8 45. Kd4 Kc7 46. Ba6 Nd8 47. Kc5 Nc6 48. Bb5 Ne7 49. Nd4 Bc8 50. Kxb4 Kb6 51. c4 dxc4 52. bxc4 Nf5 53. c5+ Kc7 54. Kc3 Nxd4 55. Kxd4 Bb7 56. Be8 Bf3 57. Bf7 Kd7 58. c6+ Bxc6 59. Ke3 Ba4 60. Kf4 Ke7 61. Kg3 Bd1 62. Kh4 Be2 63. Bg8 Bd1 64. Bf7 Be2 65. Bg8 Bd1 66. Bf7 1/2-1/2

[Event "Titled Tuesday intern op 09th Jan Early"]
[Site "Chess.com INT"]
[Date "2024.01.09"]
[Round "5"]
[White "Martinez Alcantara, Jose Eduardo"]
[Black "Liascovich, Lucas"]
[Result "1/2-1/2"]
[WhiteElo "2610"]
[BlackElo "2414"]
[PlyCount "117"]
[EventDate "2024.01.09"]
[EventType "swiss (blitz)"]
[EventRounds "11"]
[EventCountry "USA"]
[SourceTitle "CB03_2024"]
[SourceDate "2024.01.17"]
[SourceVersion "1"]
[SourceVersionDate "2024.01.17"]
[SourceQuality "1"]

1. e4 e5 2. Nf3 Nf6 3. Nc3 Nc6 4. h3 d6 5. d4 Be7 6. Bb5 Bd7 7. Bxc6 Bxc6 8. Qd3 exd4 9. Nxd4 Bd7 10. Bf4 0-0 11. 0-0-0 Re8 12. g4 Bf8 13. f3 Be6 14. Nf5 Bxf5 15. gxf5 g6 16. h4 Nh5 17. Bg5 Be7 18. Kb1 Bxg5 19. hxg5 Re5 20. Qd2 b5 21. f4 Rc5 22. fxg6 hxg6 23. f5 Qe7 24. fxg6 fxg6 25. Nd5 Qe5 26. Rdf1 Rf8 27. Rxf8+ Kxf8 28. Rf1+ Ke8 29. Qf2 Kd7 30. Qf8 Qe8 31. Qf3 Kc6 32. b3 Kb7 33. Qd3 Qe5 34. Rf7 a6 35. a4 Ng3 36. Re7 Qxg5 37. b4 Rxd5 38. Qxd5+ Qxd5 39. exd5 bxa4 40. Rg7 Nf5 41. Rxg6 Ne3 42. Rg5 Nc4 43. Rg4 Ne3 44. Rd4 Kb6 45. c4 a5 46. Re4 Nf5 47. bxa5+ Kxa5 48. Kc2 Kb4 49. Rf4 Ne3+ 50. Kd3 Nd1 51. Kc2 Ne3+ 52. Kd3 Nd1 53. Rf8 Nb2+ 54. Kd4 Nxc4 55. Rc8 Na3 56. Rb8+ Nb5+ 57. Kd3 a3 58. Kc2 Kc4 59. Rb7 1/2-1/2

[Event "Titled Tuesday intern op 19th Dec Early"]
[Site "Chess.com INT"]
[Date "2023.12.19"]
[Round "7"]
[White "Liascovich, Lucas"]
[Black "Nakamura, Hikaru"]
[Result "0-1"]
[WhiteElo "2414"]
[BlackElo "2788"]
[PlyCount "70"]
[EventDate "2023.12.19"]
[EventType "swiss (blitz)"]
[EventRounds "11"]
[EventCountry "USA"]
[SourceTitle "CB52_2023"]
[SourceDate "2023.12.27"]
[SourceVersion "1"]
[SourceVersionDate "2023.12.27"]
[SourceQuality "1"]

1. e4 e6 2. d4 d5 3. exd5 Qxd5 4. c4 Qd8 5. Nf3 b6 6. Nc3 Bb7 7. Be2 Nf6 8. 0-0 Nbd7 9. Bf4 Bd6 10. Bxd6 cxd6 11. Qd2 0-0 12. Rfe1 d5 13. b3 dxc4 14. bxc4 Rc8 15. Rad1 Bxf3 16. Bxf3 Rxc4 17. d5 e5 18. Nb5 a6 19. Nd6 Rd4 20. Qb2 Nc5 21. Nf5 Nd3 22. Qa1 Nxe1 23. Nxd4 exd4 24. Rxe1 Nxd5 25. Qxd4 Nf6 26. Qa4 a5 27. h3 Qd6 28. Rd1 Qc7 29. g3 Rd8 30. Re1 g6 31. Re2 Kg7 32. Kg2 Qc5 33. h4 Rd4 34. Qb3 b5 35. Re7 Qxe7 0-1

[Event "Titled Tuesday intern op 19th Dec Early"]
[Site "Chess.com INT"]
[Date "2023.12.19"]
[Round "3"]
[White "Rozman, Levy"]
[Black "Liascovich, Lucas"]
[Result "0-1"]
[WhiteElo "2322"]
[BlackElo "2414"]
[PlyCount "58"]
[EventDate "2023.12.19"]
[EventType "swiss (blitz)"]
[EventRounds "11"]
[EventCountry "USA"]
[SourceTitle "CB52_2023"]
[SourceDate "2023.12.27"]
[SourceVersion "1"]
[SourceVersionDate "2023.12.27"]
[SourceQuality "1"]

1. d4 d5 2. Bg5 c6 3. Nc3 f6 4. Bh4 Nh6 5. e4 dxe4 6. Nxe4 Nf5 7. Bg3 Nxg3 8. hxg3 Bf5 9. Qf3 Bg6 10. 0-0-0 Qd5 11. Bd3 Bf7 12. c4 Qa5 13. Nc3 Na6 14. Nge2 0-0-0 15. a3 Kb8 16. d5 cxd5 17. cxd5 h5 18. Bc2 Nc5 19. Kb1 Qb6 20. Nf4 g5 21. Ng6 Bxg6 22. Bxg6 f5 23. Qxf5 Bg7 24. Qc2 Bxc3 25. d6 Bf6 26. dxe7 Bxe7 27. Rxd8+ Rxd8 28. Bxh5 Bf6 29. Re1 Nd3 0-1